Welcome to the Holygrace Academy Library

Please use search bar below to get started

MALAYALATHINTE ESHTAPPETTA KATHAKAL (Record no. 4841)

MARC details
000 -LEADER
fixed length control field 00330nam a22001457a 4500
020 ## - INTERNATIONAL STANDARD BOOK NUMBER
ISBN 93-86440-92-X
082 ## - DEWEY DECIMAL CLASSIFICATION NUMBER
Classification number 894.812.3
Item number CHA/K
100 ## - MAIN ENTRY--AUTHOR NAME
Personal name CHANDROTH, SUSMESH
245 ## - TITLE STATEMENT
Title MALAYALATHINTE ESHTAPPETTA KATHAKAL
260 ## - PUBLICATION, DISTRIBUTION, ETC. (IMPRINT)
Place of publication THRISSUR
Name of publisher GREEN HOUSE
Year of publication 2017
300 ## - PHYSICAL DESCRIPTION
Number of Pages 104
520 ## - SUMMARY, ETC.
Summary, etc NOVEL
650 ## - SUBJECT ADDED ENTRY--TOPICAL TERM
Topical Term NOVEL
942 ## - ADDED ENTRY ELEMENTS (KOHA)
Koha item type Books

No items available.